| 000 | 01216nam a2200337Ia 4500 | ||
|---|---|---|---|
| 001 | dia_6268 | ||
| 003 | CHAP | ||
| 005 | 20240208131213.0 | ||
| 008 | 220117s1946 xx 000 0 und d | ||
| 010 | _a177733 | ||
| 040 | _cCHAP | ||
| 082 | _a624.182 S74 1946 | ||
| 110 |
_aAmerican Institute of Steel Construction _95253 |
||
| 245 |
_aSteel construction : a manual for architects, engineers and fabricators of buildings and other steel structures / _c American Institute of Steel Construction |
||
| 250 | _a5a ed. | ||
| 260 |
_aEstados Unidos de América : _b American Institute of Steel Construction, _c1946 |
||
| 300 | _a432 p. | ||
| 503 | _aD. | ||
| 590 | _aTA684 S74 1946 | ||
| 650 |
_aAcero, Estructural _xTablas _9162030 |
||
| 650 |
_aAcero _xEspecificaciones _9162031 |
||
| 650 |
_aBuilding, Iron and steel _xTables _9162032 |
||
| 650 |
_aConstrucción , Hierro y acero _xTablas _9162033 |
||
| 650 |
_aSteel, Structural _9159289 |
||
| 650 |
_aSteel _xSpecifications _9162034 |
||
| 710 |
_aAmerican Institute of Steel Construction _95253 |
||
| 901 | _a624.182 S74 1946 | ||
| 902 | _aA | ||
| 905 | _a5232271946 -usamn 8222223322eng16 | ||
| 942 |
_cLIBRO _2ddc |
||
| 999 |
_c177733 _d177733 |
||